000
00407nam a2200133Ia 4500
008
100328s9999 xx 000 0 und d
082
_b
30724
100
_a
तेंडुलकर विजय
245
_a
अजगर आणि गंधर्व
260
_b
मौज
630
_a
अजगर आणि गंधर्व
730
_a
अजगर आणि गंधर्व
942
_c
BOOK
999
_c
521689
_d
521686